Comedias

Salvato in:
Dettagli Bibliografici
Autore principale: Plauto (Autore)
Natura: Libro
Lingua:spagnolo
Pubblicazione: Ciudad de México Porrúa 1978
Edizione:3a. ed
Serie:Sepan cuántos, 258
Soggetti:
Tags: Aggiungi Tag
Nessun Tag, puoi essere il primo ad aggiungerne!!

MARC

LEADER 00000nam a2200000 a 4500
001 UCQ4709
003 CL-VaPUC
008 980910e19780000MX |||||||||||||||||spa|d
082 0 4 |a 872  |b PLA  |2 21 
100 0 |a Plauto  |e author  |9 418933 
245 1 0 |a Comedias 
250 |a 3a. ed 
300 |a 238 p 
942 |c BK 
945 |d 19980910 00:00:00  |a lriquelm 
260 |a Ciudad de México  |b Porrúa  |c 1978 
500 |a Contiene además: Los mellizos -- El militar fanfarrón -- La olla -- El gorgojo -- Anfitrion -- Los cautivos 
650 7 |a TEATRO LATINO  |2 CL-VaPUC  |9 265080 
650 7 |a COMEDIA LATINA  |2 CL-VaPUC  |9 265102 
583 |a last modification  |c 19980910 00:00:00  |k Rodrigo Vera 
490 0 |a Sepan cuántos, 258 
999 |c 275015  |d 275013 
952 |0 0  |1 0  |4 0  |6 872_000000000000000_PLA_1978  |7 0  |8 A  |9 311518  |a BIBEDU  |b BIBEDU  |d 2019-11-20  |i 2634449  |o 872 PLA 1978  |p 2634449  |r 2019-11-20  |w 2019-11-20  |y BK  |k LIT